Military Aircraft by Picture - Statistics

General Stats
  • This quiz has been taken 902 times
    885 since last reset
  • The average score is 25 of 60
Answer Stats
Picture Answer % Correct
B-2
72%
A-10
68%
F-16
68%
F-22
68%
F-35
68%
F-14
66%
F-15
66%
SR-71
64%
B-52
63%
B-1
62%
F-117
60%
F-4
59%
Su-57
59%
C-130
55%
Spitfire
55%
F-111
54%
C-5
53%
P-51
53%
C-17
52%
U-2
52%
Su-27
50%
J-20
48%
F-5
47%
B-17
46%
B-29
46%
FA-18
46%
Me 262
46%
MiG-15
46%
MiG-21
44%
Typhoon
44%
V-22
44%
Rafale
43%
B-21
41%
F-86
41%
AC-130
40%
Mirage
39%
Su-34
38%
AH-64
36%
AV-8
36%
MiG-29
36%
P-38
34%
A-6
33%
CH-47
33%
UH-60
32%
Ju-87
31%
UH-1
30%
F-100
29%
Mi-24
27%
JAS 39
24%
KA-52
22%
F-82
20%
CH-53
17%
Tiger
16%
AH-1Z
15%
Mi-28
15%
Hs 129
11%
A-36
10%
AH-6
10%
UH-72
5%
Invictus
4%
No matching quizzes found
Score Distribution
Percent of People with Each Score
Percentile by Number Answered
Your Score History
You have not taken this quiz since the last reset